| 000 | 01151nam a22002537a 4500 | ||
|---|---|---|---|
| 005 | 20220207153148.0 | ||
| 008 | 220207s2001 ck |||gr|||| 00| 0 spa d | ||
| 020 | _a9586165671 | ||
| 040 |
_aCO-BoUCM _bspa _cDeissy Garcia _dDeissy Garcia |
||
| 041 | 1 |
_aspa _heng |
|
| 100 | 1 |
_9173196 _aMüssig, Bernd |
|
| 245 | 1 | 0 |
_aDesmaterialización del bien jurídico y de la política criminal _bsobre las perspectivas y los fundamentos de una teoría crítica del bien jurídico hacia el sistema _cBernd Müssig ; traducción de Manuel Cancio Meliá, Enrique Peñaranda Ramos |
| 260 |
_aBogotá _bUniversidad Externado de Colombia, Centro de Investigaciones de Derecho Penal y Filosofía del Derecho _c2001 |
||
| 300 | _a69, [2] páginas | ||
| 490 | 0 |
_aColección de estudios _v22 |
|
| 504 | _aIncluye referencias bibliográficas | ||
| 650 | 7 |
_915794 _aFilosofía del derecho penal |
|
| 650 | 7 |
_912849 _aDerecho y sociedad |
|
| 650 | 7 |
_921934 _aPolítica criminal |
|
| 650 | 7 |
_912805 _aDerecho penal |
|
| 710 | 2 |
_aUniversidad Externado de Colombia _93812 |
|
| 942 |
_2DEWEY _a8 _cLIBRO _e1 _h345.001 _mM939d _n0 |
||
| 999 |
_c320523 _d320523 |
||